How languages work: An introduction to language and linguistics (Record no. 20599)

MARC details
000 -LEADER
fixed length control field 00512nam a2200169Ia 4500
008 - FIXED-LENGTH DATA ELEMENTS--GENERAL INFORMATION
fixed length control field 230917s9999||||xx |||||||||||||| ||und||
020 ## - ISBN
Price GBP44.99
040 ## - CATALOGING SOURCE
-- 237018
Original cataloging agency VIVEKANANDA LIBRARY
041 ## - Language
-- English
082 ## - DDC NUMBER
Classification number 410 G286H
100 ## - MAIN ENTRY--PERSONAL NAME
Personal name Genetti, Carol, ed.
245 #0 - TITLE STATEMENT
Title How languages work: An introduction to language and linguistics
260 ## - PUBLICATION, DISTRIBUTION, ETC. (IMPRINT)
Place of publication, distribution, etc New York
Name of publisher, distributor, etc Cambridge University Press
Date of publication, distribution, etc 2014
300 ## - PHYSICAL DESCRIPTION
Pages xxv, 647 p.
500 ## - GENERAL NOTE
General note 2539 10/01/2017 HBD17/6786 11/01/2017 Main Budget Periodicals
942 ## - ADDED ENTRY ELEMENTS (KOHA)
Koha item type Books
Holdings
Withdrawn status Lost status Damaged status Not for loan Location (home branch) Sublocation or collection (holding branch) Date acquired Koha issues (times borrowed) Koha full call number Accession No. Koha date last seen Koha item type
        VIVEKANANDA LIBRARY VIVEKANANDA LIBRARY 09/03/2017   410 G286H 359770 17/09/2023 Books
© Designed and Maintained by Vivekananda Library, MDU Rohtak